000 00868nam a22002411u 4500
001 04866
003 HDC
007 cr bn ---
008 210118p my go d 00 engg
040 _aHDC
245 0 _a2016 Global Life Sciences Predictions :
_bDisruptive Technologies and Business Models Driving Industry Transformations
260 _a[No Place] :
_b[publisher not identified],
_c2016
300 _a25 pages :
_billustrations
336 _atext
_2rdacontent
337 _acomputer
_2rdamedia
338 _aonline resource
_2rdacarrier
650 _aPharmaceuticals
_94568
650 _aScience ecosystem
_95081
856 _zRequest full-text at [email protected]
942 _2lcc
942 _cSLIDE
942 _kSLID 000342
999 _c2190
_d2190